000 00953nam a2200265Ia 4500
003 OSt
005 20220923231024.0
006 a|||||r|||| 00| 0
007 ta
008 220922b |||||||| |||| 00| 0 pan d
020 _c350
024 _a354,830
037 _b1390, 25/12/2021, H.K. Prakashan
_cTextual
040 _aARTS
_cARTS
_bpan
041 _2pan
_apan
082 _aO153,1N39x, Q1;R1
100 _aਸਿੱਧੂ, ਅਜਮੇਰ, ਥਦ.
245 0 _aਸੰਤ ਰਾਮ ਉਦਾਸੀ
_b F॥ਸੀਅਤ ਅਤੇ ਸਮੁਚੀ ਰਚਨਾ
260 _aਲੁਧਿਆਨਾ
_b ਚੇਤਨਾ ਪ੍ਰਕਾFਨ
_c2021
300 _a440ਪ੍ਰ0
_ccm.
650 _a ਪੰਜਾਬੀ ਕਾਵਿ
650 _aਪੰਜਾਬੀ ਸਾਹਿਤ
942 _hO153,1N39x, Q1;R1
_cTEXL
_2CC
999 _c388841
_d388841